Представление документа в формате RUSMARC

ПолеНазваниеЗначение
  Тип записи a
  Библиографический уровень m
001 Контрольный номер RU/CBS_UL/BASE/1dea9b2679854352ae03269f42e63bd1
005 Дата корректировки 20260120141933.3
010 Индекс ISBN __
a ISBN
d Цена 65 к.
9 Тираж экз.
100 Данные общей обработки __
a Данные общей обработки 20260120d 0rusy0189## ca
101 Язык документа 0_
a Язык текста rus
102 Страна публикации __
a Страна публикации RU
200 Заглавие и сведения об ответственности 1_
a Заглавие Микробы, эволюция, иммунитет
f Первые сведения об ответственности С. Н. Румянцев
210 Выходные данные 1_
a Место издания Ленинград
c Издательство Наука
d Дата издания 1984
215 Физическое описание __
a Объем 175 с.
c Иллюстрации/тип воспроизводства ил.
d Формат см.
225 Серия 2_
a Серия От молекулы до организма
300 Общие примечания __
a Общие примечания В надзаг. - "АН СССР"
300 Общие примечания __
a Общие примечания 18+
300 Общие примечания __
a Общие примечания Под инв. номером 11706: 3-1, 5-1, 7-1, 17-1, 28-1
606 Тематические рубрики 0_
a Основная рубрика Микробиология
610 Ключевые слова 0_
a Ключевые слова микробы; эволюция; иммунитет; оружие молекулярное; биология молекулярная; иммунология
686 Индексы других классификаций __
2 Код системы rubbk
a Классификационный индекс 28.4
700 Автор _1
a Фамилия Румянцев
b Имя (инициалы) С. Н.
g Полное личное имя Сергей Николаевич
801 Источник записи _0
a Страна RU
b Организация МБУК ЦБС г. Ульяновска
c Дата составления 20260120
g Правила каталогизации RCR
801 Источник записи _1
a Страна RU
b Организация МБУК ЦБС г. Ульяновска
c Дата составления 20260120
g Правила каталогизации RCR
852 Данные о местонахождении __
i Авторский знак Р 86
j Шифр хранения 28.4
901 Тип документа __
t Тип документа m
909 Создатель записи __
a Создатель записи obr6
b Дата создания записи 20260120